[Event "ESP-ch"]
[Site "?"]
[Date "1993.??.??"]
[Round "2"]
[White "Paramos Dominguez, Roberto"]
[Black "Fernandez Garcia, Jose L"]
[Result "1/2-1/2"]
[WhiteElo "2375"]
[BlackElo "2445"]

1.d4 Nf6 2.c4 g6 3.Nc3 d5 4.cxd5 Nxd5 5.e4 Nxc3 6.bxc3 Bg7 7.Bb5+ c6 8.Ba4 b5
9.Bb3 b4 10.Ne2 bxc3 11.Be3 Nd7 12.Rc1 Ba6 13.e5 e6 14.Rxc3 c5 15.f4 Qa5
16.Qd2 O-O 17.dxc5 Rfd8 18.Rc2 Qc7 19.Qc3 Rac8 20.Kf2 Bb7 21.Ba4 Nb8 22.Nd4 Be4
23.Rb2 Na6 24.c6 Bf8 25.Nb5 Qxc6 26.Qxc6 Bxc6 27.Rc1 Nb4  1/2-1/2

[Event "ESP-ch"]
[Site "?"]
[Date "1993.??.??"]
[Round "4"]
[White "Comas Fabrego, Luis"]
[Black "Fernandez Garcia, Jose L"]
[Result "1-0"]
[WhiteElo "2435"]
[BlackElo "2445"]

1.d4 Nf6 2.c4 g6 3.Nc3 d5 4.cxd5 Nxd5 5.e4 Nxc3 6.bxc3 Bg7 7.Qa4+ Nd7 8.Nf3 O-O
9.Be3 c5 10.Rc1 Qc7 11.Bd3 a6 12.Qa3 c4 13.Bb1 e5 14.O-O b5 15.Nxe5 Nxe5
16.dxe5 Bxe5 17.f4 Bd6 18.Qb2 Bb7 19.Qf2 Rae8 20.e5 Ba3 21.Rce1 f6 22.Bb6 Qc6
23.Be4 Qc8 24.Bxb7 Qxb7 25.exf6 Rxe1 26.Rxe1 Rxf6 27.Bd4 Rf8 28.Re6 a5 29.Qe3 Qd5
30.Re5 Qc6 31.g4 Rf7 32.f5  1-0

[Event "FRA"]
[Site "FRA"]
[Date "1993.??.??"]
[Round "?"]
[White "Bersoult, Francois"]
[Black "Kouatly, Bachar"]
[Result "0-1"]
[WhiteElo "2200"]
[BlackElo "2505"]

1.d4 Nf6 2.c4 g6 3.Nc3 d5 4.cxd5 Nxd5 5.e4 Nxc3 6.bxc3 Bg7 7.Be3 c5 8.Qd2 Qa5
9.Rb1 b6 10.Bb5+ Bd7 11.Be2 Nc6 12.Nf3 Rd8 13.Rc1 Bg4 14.d5 e6 15.Bg5 f6
16.Bh6 O-O 17.O-O Bxf3 18.Bxf3 exd5 19.Bxg7 Kxg7 20.Qf4 dxe4 21.Bxe4 Ne5
22.h4 h5 23.Qg3 Qxa2 24.c4 Qd2 25.Bd5 Qd3 26.Qf4 Qd4 27.Qg3 Qg4 28.Ra1 Rd7
29.Qxg4 hxg4 30.Ra6 Re8  0-1

[Event "FRA-chT2"]
[Site "FRA"]
[Date "1993.??.??"]
[Round "?"]
[White "Sadler, Matthew"]
[Black "Delebarre, Xavier"]
[Result "1-0"]
[WhiteElo "2540"]
[BlackElo "2270"]

1.d4 Nf6 2.c4 g6 3.Nc3 d5 4.cxd5 Nxd5 5.e4 Nxc3 6.bxc3 Bg7 7.Bb5+ Bd7 8.Be2 c5
9.Nf3 Nc6 10.O-O O-O 11.Rb1 Qc7 12.h3 b6 13.Bg5 Rfe8 14.Qd2 f6 15.Be3 Na5
16.dxc5 bxc5 17.Qd5+ e6 18.Qxc5 Qxc5 19.Bxc5 Rec8 20.Bb4 Nc4 21.Rfd1 Bb5
22.Nd4 Ba4 23.Nxe6 Bxd1 24.Rxd1 a5 25.Bc5 Ne5 26.f4 Kf7 27.Rd6 Rc6 28.Rxc6 Nxc6
29.Bc4 Rc8 30.Nc7+  1-0

[Event "FRA"]
[Site "FRA"]
[Date "1993.??.??"]
[Round "?"]
[White "Touzane, Olivier"]
[Black "Kouatly, Bachar"]
[Result "1-0"]
[WhiteElo "2200"]
[BlackElo "2505"]

1.d4 Nf6 2.c4 g6 3.Nc3 d5 4.cxd5 Nxd5 5.e4 Nxc3 6.bxc3 Bg7 7.Nf3 O-O 8.Be2 c5
9.Rb1 cxd4 10.cxd4 Qa5+ 11.Bd2 Qxa2 12.O-O b6 13.Qc1 Qe6 14.Bc4 Qxe4 15.Re1 Qb7
16.Bb4 Be6 17.Rxe6 fxe6 18.Ng5 Kh8 19.Rb3 Rc8 20.Rh3 Rxc4 21.Rxh7+ Kg8 22.Qf4 Bf6
23.Rh8+ Kg7 24.Rh7+ Kg8 25.Bxe7 Rc1+ 26.Qxc1 Bxg5 27.Qxg5 Qe4 28.Rg7+ Kxg7
29.Qf6+ Kg8 30.Qf8+ Kh7 31.Qf7+ Kh6 32.Bf8+ Kg5 33.h4+ Kxh4 34.Qh7+ Kg5 35.Be7+ Kf4
36.Qh4+  1-0

[Event "FRA"]
[Site "FRA"]
[Date "1993.??.??"]
[Round "?"]
[White "Elbilia, Jacques"]
[Black "Roos, Daniel"]
[Result "0-1"]
[WhiteElo "2310"]
[BlackElo "2410"]

1.d4 Nf6 2.c4 g6 3.Nc3 d5 4.cxd5 Nxd5 5.e4 Nxc3 6.bxc3 Bg7 7.Bc4 c5 8.Ne2 Nc6
9.Be3 Qc7 10.O-O O-O 11.Rc1 Rd8 12.Bf4 Qd7 13.d5 Na5 14.Bd3 b6 15.Qd2 Nb7
16.c4 e5 17.Bg5 f6 18.Be3 Rf8 19.f4 Nd6 20.Ng3 Ba6 21.f5 Rac8 22.Qe2 Rc7
23.h3 Bc8 24.Rf2 Qe8 25.Bc2 Bd7 26.Bd1 Qc8 27.Bc2 Qa6 28.Bd3 Re8 29.h4 Qc8
30.fxg6 hxg6 31.h5 Bg4 32.Qf1 gxh5 33.Rxf6 Bxf6 34.Qxf6 Qd8 35.Qh6 Rh7 36.Qg6+ Rg7
37.Qh6 Nf7 38.Qc6 Bd7  0-1

[Event "FRA"]
[Site "FRA"]
[Date "1993.??.??"]
[Round "?"]
[White "Sharif, Mershad"]
[Black "Pilotelle, Barbara"]
[Result "1-0"]
[WhiteElo "2420"]
[BlackElo "2060"]

1.d4 Nf6 2.c4 g6 3.Nc3 d5 4.cxd5 Nxd5 5.e4 Nxc3 6.bxc3 Bg7 7.Bc4 c5 8.Ne2 O-O
9.Be3 Nc6 10.Rc1 Qc7 11.h4 h5 12.O-O Rd8 13.Qe1 a6 14.f3 b5 15.Bb3 Na5 16.dxc5 Nb7
17.c4 b4 18.Qxb4 Be6 19.Rfd1 Rxd1+ 20.Bxd1 Rc8 21.Nc3 Nxc5 22.Be2 Nd7 23.Nd5 Bxd5
24.cxd5 Qd8 25.Bxa6 Rxc1+ 26.Bxc1 Qc7 27.Be3 Bf6 28.Bf2 Qc1+ 29.Bf1 Ne5 30.Qb3 g5
31.Qe3  1-0

[Event "FRA"]
[Site "FRA"]
[Date "1993.??.??"]
[Round "?"]
[White "Pira, Davoud"]
[Black "Roos, Daniel"]
[Result "0-1"]
[WhiteElo "2350"]
[BlackElo "2410"]

1.d4 Nf6 2.c4 g6 3.Nc3 d5 4.cxd5 Nxd5 5.e4 Nxc3 6.bxc3 Bg7 7.Bc4 c5 8.Ne2 O-O
9.Be3 Nc6 10.Rc1 Qc7 11.O-O Rd8 12.f4 e6 13.e5 b6 14.Qe1 Ne7 15.Ng3 Bb7 16.Bd3 Rac8
17.Be4 cxd4 18.cxd4 Qd7 19.Rd1 Bd5 20.Rf2 Rc7 21.Bc1 Qa4 22.Bxd5 Rxd5 23.Be3 Rd8
24.Ne4 Nf5 25.Rfd2 Rc2 26.Bf2 Qxa2 27.Rxc2 Qxc2 28.Rc1 Qa4 29.Rc7 Nxd4 30.Bh4 Ra8
31.Nd6 Nf5 32.Nxf5 gxf5 33.Qc3 h6 34.Qf3 Re8 35.Bf6 Bxf6 36.exf6 Qd4+ 37.Kf1 Qxf6
38.Rxa7 Rc8 39.Ra8 Rxa8 40.Qxa8+ Kg7 41.Qa6 Qb2  0-1

[Event "Gausdal Int"]
[Site "Gausdal"]
[Date "1993.??.??"]
[Round "8"]
[White "Razuvaev, Yuri S"]
[Black "Baum, Bernd"]
[Result "1-0"]
[WhiteElo "2560"]
[BlackElo "2305"]

1.d4 Nf6 2.c4 g6 3.Nc3 d5 4.cxd5 Nxd5 5.e4 Nxc3 6.bxc3 Bg7 7.Bb5+ c6 8.Ba4 O-O
9.Ne2 c5 10.O-O Nc6 11.Be3 Qc7 12.Rc1 Rd8 13.d5 Ne5 14.c4 Ng4 15.Bf4 e5 16.Bg5 f6
17.Bd2 Nh6 18.f4 Nf7 19.f5 Nd6 20.Ng3 a6 21.Be3 Qa5 22.Bb3 Bd7 23.h4 Rf8
24.Qf3 Rac8 25.Qf2 Rf7 26.Rc2 Bf8 27.Rfc1 Kh8 28.Bd2 Qa3 29.Rc3 Qa5 30.Rf3 Qd8
31.fxg6 hxg6 32.Rf1 Be7 33.h5 Qg8 34.hxg6 Qxg6 35.Nf5 Bxf5 36.exf5 Qg4 37.Rg3 Qe4
38.Rh3+ Rh7 39.Rxh7+ Kxh7 40.Qg3 Bd8 41.Qg6+ Kh8 42.Rf3  1-0

[Event "Bundesliga 9293"]
[Site "Germany"]
[Date "1993.??.??"]
[Round "?"]
[White "Bangiev, Alexander"]
[Black "Jasnikowski, Zbigniew"]
[Result "0-1"]
[WhiteElo "2395"]
[BlackElo "2460"]

1.d4 Nf6 2.c4 g6 3.Nc3 d5 4.cxd5 Nxd5 5.e4 Nxc3 6.bxc3 Bg7 7.Bc4 c5 8.Ne2 Nc6
9.Be3 O-O 10.h4 cxd4 11.cxd4 Qd6 12.Rb1 Rd8 13.e5 Qc7 14.e6 Nxd4 15.exf7+ Kf8
16.Bxd4 Bxd4 17.Qc1 Bg7 18.O-O Bf5 19.Bb3 Qxc1 20.Rbxc1 Bh6 21.Rcd1 Bd3 22.Rfe1 b5
23.Be6 Rd6 24.Nc3 Rad8 25.Rxd3 Rxd3 26.Nxb5 Rd1 27.Kf1 a6 28.Nc7 Rxe1+ 29.Kxe1 Rd6
30.Bb3 Bd2+ 31.Ke2 Ba5 32.Ne6+ Kxf7 33.Nc5+ Kg7 34.Nb7 Rd2+ 35.Ke3 Bb4 36.Nc5 Rd6
37.Nd3 Bc3 38.Ke2 e5 39.f3 a5 40.g3 h6 41.Ke3 Kf6 42.Ke2 Bd4 43.Ne1 g5 44.hxg5+ hxg5
45.Nd3 Rd8 46.Nf2 Bxf2 47.Kxf2 Rd4 48.Ke3 Ke7 49.Bg8 Kd6 50.Bf7 Kc5 51.Be6 Kb4
52.Bf7 Ka3 53.Be6 Kb2 54.Bf7 Kb1 55.Be6 Ra4 56.Bd5 Rxa2 57.Ke4 Rd2 58.Bf7 Rf2
59.Bd5 Rg2 60.g4 Rd2 61.Bf7 Rd4+ 62.Kxe5 Rf4  0-1

[Event "Verbandsliga Nord Baden"]
[Site "Germany"]
[Date "1993.??.??"]
[Round "?"]
[White "Beck, Gerald"]
[Black "Guenthner, Oliver"]
[Result "0-1"]
[WhiteElo "2255"]
[BlackElo "2260"]

1.d4 Nf6 2.c4 g6 3.Nc3 d5 4.cxd5 Nxd5 5.e4 Nxc3 6.bxc3 Bg7 7.Be3 c5 8.Qd2 Qa5
9.Rb1 a6 10.Rc1 O-O 11.Nf3 Rd8 12.Be2 Bg4 13.d5 Nc6 14.Qc2 Bxf3 15.gxf3 Nd4
16.Qd2 Nxe2 17.Kxe2 c4 18.Rhd1 e6 19.d6 Rd7 20.Bf4 Rad8 21.Rc2 Qh5 22.Bg5 f6
23.Bf4 g5 24.Bg3 e5 25.Qd5+ Qf7 26.Qc5 Qe6 27.Rcd2 Bf8 28.Rd5 Rxd6 29.Qxc4 b5
30.Qd3 Qc8 31.h4 h6 32.hxg5 hxg5 33.Bh2 Qc4 34.f4 gxf4 35.f3 Rxd5 36.Qxc4 bxc4
37.exd5 Bc5 38.Bg1 Bxg1 39.Rxg1+ Kf7 40.Rd1 Rb8 41.Rd2 Ke7 42.Kf2 Kd6 43.Ke2 Rb5
44.Kf2 Rxd5 45.Rb2 Kc6 46.Ke2 Rd3 47.Rc2 f5 48.Rc1 e4 49.fxe4 fxe4 50.Rc2 Rh3
51.Kf1 f3 52.Kg1 e3 53.Rb2 Rh1+ 54.Kxh1 e2  0-1

[Event "Bundesliga 9293"]
[Site "Germany"]
[Date "1993.??.??"]
[Round "?"]
[White "Christiansen, Larry Mark"]
[Black "Krasenkow, Michal"]
[Result "1/2-1/2"]
[WhiteElo "2625"]
[BlackElo "2555"]

1.d4 Nf6 2.c4 g6 3.Nc3 d5 4.cxd5 Nxd5 5.e4 Nxc3 6.bxc3 Bg7 7.Bc4 c5 8.Ne2 Nc6
9.Be3 O-O 10.Rc1 cxd4 11.cxd4 Qa5+ 12.Kf1 Bd7 13.h4 Rfc8 14.h5 Nd8 15.hxg6 hxg6
16.f3 Ba4 17.Qd3 b5 18.Bd5 Rxc1+ 19.Bxc1 Rc8 20.Bh6 Rc2 21.Bxg7 Kxg7 22.Kf2 Qd2
23.Qxd2 Rxd2 24.Ke3 Rb2 25.Nc3 Rxg2 26.Rc1 Rb2 27.Nxa4 bxa4 28.Rc7 e6 29.Bc4 Rb7
30.Rc8 Rd7 31.Bb5 Rd6 32.e5 Rb6 33.Bxa4 Nb7 34.Rc7 Kf8 35.Bc2 a6 36.Be4 Nd8
37.Kd3 Rb2 38.a3 Ra2 39.Rc3 Ke7 40.Kc4 Kd7 41.Kb4 Rg2 42.Ka5 g5 43.Ba8 g4
44.fxg4 Rxg4 45.Rc4 f6 46.exf6 Rf4 47.Kxa6 Rxf6 48.Kb5 Nf7 49.Bc6+ Kd6 50.a4 Rf1
51.Be8 Kd5 52.Bxf7 Rxf7 53.Rb4 Rf8 54.Ka6 Rf4 55.Kb5 Rf8 56.Ka6 Rf4 57.a5 e5
58.Kb6 exd4 59.a6 Rf8 60.a7 d3 61.Ka6 Ra8  1/2-1/2

[Event "GER CupT"]
[Site "Germany"]
[Date "1993.??.??"]
[Round "?"]
[White "Chekhov, Valery A"]
[Black "Lingnau, Carsten"]
[Result "1/2-1/2"]
[WhiteElo "2480"]
[BlackElo "2415"]

1.d4 Nf6 2.c4 g6 3.Nc3 d5 4.cxd5 Nxd5 5.e4 Nxc3 6.bxc3 Bg7 7.Bb5+ c6 8.Ba4 b5
9.Bb3 b4 10.Qf3 O-O 11.Ne2 bxc3 12.Qxc3 Bb7 13.Rb1 c5 14.Bxf7+ Rxf7 15.Rxb7 cxd4
16.Qc4 Nd7 17.Ba3 Ne5 18.Qb3 Qa5+ 19.Bb4 Qa6 20.Rxe7 Rb8 21.Rxf7 Nxf7 22.a3 Bf8
23.Qd1 Bxb4+ 24.axb4 Qc4  1/2-1/2

[Event "Oberliga Nord O9293"]
[Site "Germany"]
[Date "1993.??.??"]
[Round "?"]
[White "Syre, Christian"]
[Black "Berndt, Stephan"]
[Result "1-0"]
[WhiteElo "2275"]
[BlackElo "2300"]

1.d4 Nf6 2.c4 g6 3.Nc3 d5 4.cxd5 Nxd5 5.e4 Nxc3 6.bxc3 Bg7 7.Be3 c5 8.Rc1 Qa5
9.Qd2 O-O 10.d5 Nd7 11.c4 Qxd2+ 12.Kxd2 f5 13.exf5 gxf5 14.Nh3 e5 15.dxe6 Nf6
16.Nf4 Re8 17.Bd3 Ne4+ 18.Kc2 Bxe6 19.g4 Bd7 20.gxf5 Bxf5 21.Rhg1 Kf7 22.Nd5 Rad8
23.Rb1 b6 24.a4 Rxd5 25.cxd5 c4 26.Rxg7+ Kxg7 27.Rg1+ Kf7 28.Bxc4 Nxf2+ 29.Kd2 Ne4+
30.Ke2 Rc8 31.Rf1 Rxc4 32.Rxf5+ Kg6 33.Re5 Nf6 34.a5 bxa5 35.Kd3 Rc7 36.Bd4 Rd7
37.Kc4 Rc7+ 38.Kb5 Nxd5 39.Rxd5 Rc2 40.Be5 Kf5 41.Bg3+ Kg4 42.Rd7 h5 43.Rg7+ Kf5
44.h4 Rg2 45.Rg5+ Ke4 46.Be1 Rb2+ 47.Kxa5 Rb1 48.Bc3 Kf4 49.Be5+ Kf3 50.Rxh5 Kg4
51.Rh6 Rb6 52.Rh8 Re6 53.Bc7 Kf5 54.Rg8 Kf6 55.Bd8+ Kf7 56.Rg4  1-0

[Event "GER CupT"]
[Site "Germany"]
[Date "1993.??.??"]
[Round "?"]
[White "Majer, Damir"]
[Black "Bakalarz, Mieczyslaw"]
[Result "1-0"]
[WhiteElo "2225"]
[BlackElo "2245"]

1.d4 Nf6 2.c4 g6 3.Nc3 d5 4.cxd5 Nxd5 5.e4 Nxc3 6.bxc3 Bg7 7.Bc4 b6 8.Ne2 Bb7
9.f3 Nd7 10.Bg5 h6 11.Be3 e5 12.Qd2 a6 13.O-O exd4 14.cxd4 c5 15.Rad1 b5
16.Bb3 c4 17.Bc2 a5 18.e5 Nb6 19.f4 b4 20.f5 c3 21.Qe1 gxf5 22.Qg3 Rg8 23.Bxf5 Qd5
24.Nf4 Qxa2 25.e6 Ke7 26.Ng6+ Ke8 27.exf7+ Qxf7 28.Rde1 Kd8 29.Qd6+ Nd7 30.Be6 Ra6
31.Qxa6 Bxa6 32.Rxf7 Nb8 33.d5  1-0

[Event "Bundesliga 9293"]
[Site "Germany"]
[Date "1993.??.??"]
[Round "?"]
[White "Hort, Vlastimil"]
[Black "Stohl, Igor"]
[Result "1/2-1/2"]
[WhiteElo "2545"]
[BlackElo "2540"]

1.d4 Nf6 2.c4 g6 3.Nc3 d5 4.cxd5 Nxd5 5.e4 Nxc3 6.bxc3 Bg7 7.Bc4 O-O 8.Ne2 c5
9.O-O Nc6 10.Be3 Bg4 11.f3 Na5 12.Bxf7+ Rxf7 13.fxg4 Rxf1+ 14.Kxf1 cxd4 15.cxd4 e5
16.Rc1 exd4 17.Bxd4 Bxd4 18.Nxd4 Qe7 19.Qe1 Nc4 20.Kg1 b5 21.Nf3  1/2-1/2

[Event "Bundesliga 9293"]
[Site "Germany"]
[Date "1993.??.??"]
[Round "?"]
[White "Mohr, Stefan"]
[Black "Michaelsen, Nils"]
[Result "1/2-1/2"]
[WhiteElo "2440"]
[BlackElo "2415"]

1.d4 Nf6 2.c4 g6 3.Nc3 d5 4.cxd5 Nxd5 5.e4 Nxc3 6.bxc3 Bg7 7.Bb5+ Bd7 8.Bxd7+ Nxd7
9.Nf3 O-O 10.O-O c5 11.Bg5 h6 12.Be3 Nf6 13.Qd3 Qa5 14.h3 cxd4 15.cxd4 Rac8
16.Rfe1 e6 17.Nd2 Rc3 18.Qe2 Rc2 19.Qd3 Rfc8 20.Nb3 Qa3 21.d5 exd5 22.exd5 Qd6
23.Bxa7 Qxd5 24.Qxd5 Nxd5 25.Bd4 Nc3 26.Bxg7 Kxg7 27.Re7 b5 28.Rb7 Re8 29.Nd4 Rb2
30.a4 Re4 31.Nxb5 Rxa4 32.Rxa4 Nxa4 33.Nd6  1/2-1/2

[Event "Bundesliga 9293"]
[Site "Germany"]
[Date "1993.??.??"]
[Round "?"]
[White "Piskov, Yury"]
[Black "Krasenkow, Michal"]
[Result "1/2-1/2"]
[WhiteElo "2520"]
[BlackElo "2560"]

1.d4 Nf6 2.c4 g6 3.Nc3 d5 4.cxd5 Nxd5 5.e4 Nxc3 6.bxc3 Bg7 7.Be3 c5 8.Qd2 Qa5
9.Rc1 cxd4 10.cxd4 Qxd2+ 11.Kxd2 O-O 12.Nf3 Nc6 13.d5 Rd8 14.Ke1 Na5 15.Bd2 b6
16.Bb4 Bf8 17.Ne5 e6 18.Bxa5 bxa5 19.Nc6 Bb4+ 20.Nxb4 axb4 21.Bc4  1/2-1/2

[Event "Bundesliga 9293"]
[Site "Germany"]
[Date "1993.??.??"]
[Round "?"]
[White "Volke, Karsten"]
[Black "Luecke, Norbert"]
[Result "1-0"]
[WhiteElo "2460"]
[BlackElo "2410"]

1.d4 Nf6 2.c4 g6 3.Nc3 d5 4.cxd5 Nxd5 5.e4 Nxc3 6.bxc3 Bg7 7.Bc4 c5 8.Ne2 Nc6
9.Be3 O-O 10.O-O Bg4 11.f3 Na5 12.Bxf7+ Rxf7 13.fxg4 Rxf1+ 14.Kxf1 cxd4 15.cxd4 e5
16.Rc1 Qf8+ 17.Kg1 exd4 18.Bxd4 Rd8 19.Qa4 Bxd4+ 20.Nxd4 Qf4 21.Re1 Qxg4
22.Nb3 Nc6 23.Qc4+ Kh8 24.Qc3+ Kg8 25.Nc5 Re8 26.Qb3+ Kh8 27.Qxb7 Ne5 28.Rf1 h5
29.Qb5 Rc8 30.Nd3 Nxd3 31.Qxd3 Re8 32.Qe3 Kg8 33.e5 Qe6 34.Qxa7 Re7 35.Qa8+ Re8
36.Qe4 Qb6+ 37.Kh1 Rf8 38.Qd5+ Kg7 39.Qd7+ Kh6 40.Qd2+ Kh7 41.Rd1 Rf2 42.Qd5 Qa6
43.h3 Qxa2 44.Qd7+ Kh6 45.Qc8 Rxg2 46.Qh8+ Kg5 47.Qf6+ Kh6 48.Qf4+ Rg5 49.Qf8+  1-0

[Event "Bundesliga 9293"]
[Site "Germany"]
[Date "1993.??.??"]
[Round "?"]
[White "Volke, Karsten"]
[Black "Voekler, Bernd"]
[Result "1-0"]
[WhiteElo "2460"]
[BlackElo "2335"]

1.d4 Nf6 2.c4 g6 3.Nc3 d5 4.cxd5 Nxd5 5.e4 Nxc3 6.bxc3 Bg7 7.Bc4 c5 8.Ne2 O-O
9.O-O Nc6 10.Be3 Bg4 11.f3 Na5 12.Bxf7+ Rxf7 13.fxg4 Rxf1+ 14.Kxf1 Qd6 15.e5 Qd5
16.g5 Qe4 17.Bf2 Rf8 18.Ng1 Nc4 19.Nf3 Ne3+ 20.Bxe3 Qxe3 21.Qb3+ Kh8 22.Re1 Rxf3+
23.gxf3 Qxf3+ 24.Kg1 Qg4+ 25.Kf2 Qxg5 26.Qxb7 Bh6 27.Qe4 Qd2+ 28.Re2 Qxc3
29.d5 Bg5 30.Kg2 Kg7 31.h4  1-0

[Event "BL2-N9293"]
[Site "Germany"]
[Date "1993.??.??"]
[Round "?"]
[White "Paulsen, Dirk"]
[Black "Giemsa, Stephan"]
[Result "1/2-1/2"]
[WhiteElo "2345"]
[BlackElo "2245"]

1.d4 Nf6 2.c4 g6 3.Nc3 d5 4.cxd5 Nxd5 5.e4 Nxc3 6.bxc3 Bg7 7.Nf3 c5 8.Rb1 O-O
9.Qd2 b6 10.d5 e6 11.c4 exd5 12.exd5 Re8+ 13.Be2 Qe7 14.O-O Bf5 15.Bd3 Bxd3
16.Qxd3 Qe2 17.Qb3 Nd7 18.Bh6 Ne5 19.Bxg7 Nxf3+ 20.gxf3 Kxg7 21.a4 Qe5 22.Qb2 Qxb2
23.Rxb2 Kf6 24.a5 Rab8 25.Rc1 Ke5 26.Kg2 Kd6 27.Kg3 Re5 28.Rcb1 Kc7 29.h4 h5
30.Rb3 Rb7 31.Re3 Kd6 32.f4 Ree7 33.Kf3 Rb8 34.Rbe1 Reb7 35.f5 gxf5 36.Kf4 b5
37.a6 Rc7 38.Rb1 Rb6 39.cxb5 Kxd5 40.Re5+ Kc4 41.Kxf5 Kd4 42.Re4+ Kd3 43.Re3+ Kd4
44.Kg5 c4 45.Rd1+ Kc5 46.Rb1 Kd4 47.Rd1+ Kc5 48.Rb1 Kd4  1/2-1/2

[Event "BL2-N9293"]
[Site "Germany"]
[Date "1993.??.??"]
[Round "?"]
[White "Paulsen, Dirk"]
[Black "Darnstaedt, Frank"]
[Result "1/2-1/2"]
[WhiteElo "2345"]
[BlackElo "2345"]

1.d4 Nf6 2.c4 g6 3.Nc3 d5 4.cxd5 Nxd5 5.e4 Nxc3 6.bxc3 Bg7 7.Nf3 c5 8.Rb1 O-O
9.Be2 Nc6 10.d5 Ne5 11.Nxe5 Bxe5 12.Qd2 e6 13.f4 Bg7 14.dxe6 Qxd2+ 15.Bxd2 Bxe6
16.O-O Rad8 17.Rb2 Rfe8 18.Be1 Bd7 19.Rxb7 Bc8 20.Rc7 Rxe4 21.Bh4 f6 22.Bf3 Re3
23.Rb1 Red3 24.Rb8 Be6 25.Rbb7 R8d7 26.Rxc5 Rxb7 27.Bxb7 Rd1+ 28.Kf2 Rd2+
29.Ke3 Rxa2 30.Rc6 Kf7 31.Rc7+ Kf8 32.c4 Rc2 33.Kd3 Rc1 34.Bc8 Bf7 35.f5 gxf5
36.Bxf5 a5 37.Kd4 a4 38.Bg3 Rd1+ 39.Kc5 Rd8 40.Bd6+ Kg8 41.Ra7 Bxc4 42.Rxa4 Bf7
43.Ra7 h6 44.Kc6 Bf8 45.Bf4 Rd4 46.g3 Rc4+  1/2-1/2

[Event "BL2-S9293"]
[Site "Germany"]
[Date "1993.??.??"]
[Round "?"]
[White "Spacek, Petr"]
[Black "Schulze, Ulrich"]
[Result "1-0"]
[WhiteElo "2390"]
[BlackElo "2400"]

1.d4 Nf6 2.c4 g6 3.Nc3 d5 4.cxd5 Nxd5 5.e4 Nxc3 6.bxc3 Bg7 7.Nf3 c5 8.Rb1 O-O
9.Be2 Nc6 10.d5 Ne5 11.Nxe5 Bxe5 12.Qd2 e6 13.f4 Bc7 14.O-O exd5 15.exd5 Ba5
16.f5 Bxf5 17.Rxb7 c4 18.Ba3 Qc8 19.Rb5 Bb6+ 20.Rxb6 axb6 21.Bxf8 Qxf8 22.Bxc4 Qc5+
23.Qd4 Qxd4+ 24.cxd4 Ra4 25.Rc1 b5 26.Bxb5 Rxa2 27.d6 Ra8 28.Re1 Rd8 29.Re8+ Rxe8
30.Bxe8 Kf8 31.Bc6  1-0

[Event "BL2-N9293"]
[Site "Germany"]
[Date "1993.??.??"]
[Round "?"]
[White "Feick, Stefan"]
[Black "Schnabel, Ralf"]
[Result "1/2-1/2"]
[WhiteElo "2265"]
[BlackElo "2225"]

1.d4 Nf6 2.c4 g6 3.Nc3 d5 4.cxd5 Nxd5 5.e4 Nxc3 6.bxc3 Bg7 7.Nf3 c5 8.Rb1 Qa5
9.Rb5 Qxa2 10.Rxc5 Nd7 11.Rb5 O-O 12.Bd3 a6 13.Rb3 Qa5 14.O-O e5 15.Ba3 Re8
16.Bd6 b5 17.c4 exd4 18.cxb5 Qb6 19.Ba3 Nc5 20.Bxc5 Qxc5 21.bxa6 Bxa6 22.Bxa6 Rxa6
23.Qd3 Ra2 24.Rd1 Qc2 25.Qxc2 Rxc2 26.g3 Rc3 27.Nd2 Rxb3 28.Nxb3 Rxe4 29.f3 Re8
30.Kf2 Rd8 31.Ke2 Re8+ 32.Kf2 Rd8 33.Ke2 Kf8 34.Kd3 Re8 35.Kc4 Rc8+ 36.Kd5 Rc3
37.Nxd4 Bxd4 38.Rxd4 Rxf3 39.Ke4 Rf1 40.h4 Kg7 41.Ke3 Rf5 42.Rd1 h6 43.Ke4 Rf2
44.Rd5 Rf1 45.Ra5 Rf6 46.Rb5 Rf1 47.Ra5 h5 48.Ke3 Kh6 49.Ra6 f6 50.Ra5 g5
51.Ke2 Rb1 52.hxg5+ fxg5 53.Ra6+ Kg7 54.Kf3 Rf1+ 55.Kg2 Rf6 56.Ra7+ Kg6 57.Ra8 Re6
58.Ra5 Kf6 59.Kf3 Re5 60.Ra6+ Kf5 61.g4+ hxg4+ 62.Kg3 Re3+ 63.Kf2 Rb3 64.Ra5+ Kg6
65.Ra6+ Kh5 66.Kg2 g3 67.Ra4 Re3 68.Rb4  1/2-1/2

[Event "BL9293 (Women)"]
[Site "Germany"]
[Date "1993.??.??"]
[Round "?"]
[White "Gerlach, Manuela"]
[Black "Schulz, Petra"]
[Result "0-1"]
[WhiteElo "2070"]
[BlackElo "2060"]

1.d4 Nf6 2.c4 g6 3.Nc3 d5 4.cxd5 Nxd5 5.e4 Nxc3 6.bxc3 Bg7 7.Ba3 Nd7 8.Nf3 c5
9.Qb3 O-O 10.Be2 b6 11.O-O Qc7 12.Rfd1 Bb7 13.e5 e6 14.Nd2 Rfc8 15.Rac1 a6
16.Bf3 Bxf3 17.Nxf3 c4 18.Qc2 b5 19.Rb1 Nb6 20.Ng5 Nd5 21.Re1 Qa5 22.Bb4 Qd8
23.Ne4 Rc6 24.Qe2 Rb8 25.Bd6 Rb7 26.Qg4 h6 27.h3 Bf8 28.Nc5 Ra7 29.Nxe6 Qc8
30.Nxf8 Qxg4 31.hxg4 Nxc3 32.Rb2 Na4 33.Rc2 Rxd6 34.exd6 Kxf8 35.Re7 Rxe7
36.dxe7+ Kxe7 37.Kf1 Kd6 38.Ke2 Kd5 39.Ke3 b4 40.Rc1 a5 41.f4 Nc3 42.Rc2 a4
43.g3 b3 44.axb3 axb3 45.Rh2 b2  0-1

[Event "BL2-S9293"]
[Site "Germany"]
[Date "1993.??.??"]
[Round "?"]
[White "Witke, Thomas"]
[Black "Bosbach, Gerhard"]
[Result "0-1"]
[WhiteElo "2265"]
[BlackElo "2245"]

1.d4 Nf6 2.c4 g6 3.Nc3 d5 4.cxd5 Nxd5 5.e4 Nxc3 6.bxc3 Bg7 7.Be3 O-O 8.Qd2 Nd7
9.Nf3 c6 10.Rc1 e5 11.dxe5 Nxe5 12.Nxe5 Qxd2+ 13.Kxd2 Bxe5 14.Bc4 Be6 15.Bb3 Rfd8+
16.Kc2 Kf8 17.Rcd1 Ke8 18.Rxd8+ Kxd8 19.Bg5+ Kc7 20.Bxe6 fxe6 21.f4 Bd6 22.e5 Bc5
23.Rd1 a5 24.Rd3 Rf8 25.g4 b5 26.Rh3 Rf7 27.Kd3 b4 28.Ke4 Kb6 29.Bf6 Kb5
30.f5 exf5+ 31.gxf5 Kc4 32.cxb4 axb4 33.Rg3 Ra7 34.Rg2 gxf5+ 35.Kxf5 Ra3
36.Ke6 Bd4 37.Kd7 c5 38.Kc6 Ra6+ 39.Kb7 Re6 40.Rg7 Bxe5 41.Bxe5 Rxe5 42.Rxh7 Kb5
43.Kc7 Re2 44.Kd6 Rd2+ 45.Ke5 Rxa2 46.Rb7+ Kc4 47.h4 Rh2 48.Ke4 Rxh4+ 49.Ke3 Rd4  0-1

[Event "BL2-S9293"]
[Site "Germany"]
[Date "1993.??.??"]
[Round "?"]
[White "Zuse, Klaus Peter"]
[Black "Roos, Daniel"]
[Result "0-1"]
[WhiteElo "2280"]
[BlackElo "2410"]

1.d4 Nf6 2.c4 g6 3.Nc3 d5 4.cxd5 Nxd5 5.e4 Nxc3 6.bxc3 Bg7 7.Be3 c5 8.Bc4 Qa5
9.Qd2 cxd4 10.cxd4 Qxd2+ 11.Kxd2 O-O 12.Ne2 Rd8 13.Rhd1 Nc6 14.Ke1 Bd7 15.Rac1 Rac8
16.d5 Ne5 17.Bb3 b6 18.f4 Ng4 19.Bg1 Bb2 20.Rxc8 Rxc8 21.e5 h5 22.e6 fxe6
23.dxe6 Bb5 24.Rd7 Ba3 25.h3 Bb4+ 26.Kd1 Nf6 27.Nd4 Bc4 28.Rxa7 Nd5 29.Bxc4 Rxc4
30.Ra8+ Kg7 31.Nc2 Bc5 32.Bxc5 bxc5 33.g3 Kf6 34.Ra6 Rxc2 35.Kxc2 Nb4+ 36.Kc3 Nxa6
37.Kc4 Kxe6 38.g4 hxg4 39.hxg4  0-1

[Event "BL2-W9293"]
[Site "Germany"]
[Date "1993.??.??"]
[Round "?"]
[White "Alber, Horst"]
[Black "Grimm, Sascha"]
[Result "1/2-1/2"]
[WhiteElo "2315"]
[BlackElo "2320"]

1.d4 Nf6 2.c4 g6 3.Nc3 d5 4.cxd5 Nxd5 5.e4 Nxc3 6.bxc3 Bg7 7.Nf3 c5 8.Rb1 O-O
9.Be2 cxd4 10.cxd4 Qa5+ 11.Qd2 Qxd2+ 12.Bxd2 e6 13.O-O b6 14.Rfd1 Bb7 15.d5 exd5
16.exd5 Nd7 17.Bb4 Rfc8 18.Bb5 Nc5 19.Nd4 Bxd5 20.Nf5 gxf5 21.Rxd5 Ne6 22.Rbd1 Nc7
23.Rxf5 Nxb5 24.Rxb5 Rd8 25.Rbd5 Rxd5 26.Rxd5 Rc8 27.g4 h6 28.h3 a5 29.Be7 Rc2
30.Rd8+ Kh7 31.a3 b5 32.Rd5 Rb2 33.Kg2 Bc3 34.Rf5 Kg7 35.Bd6 Rb3 36.Be5+ Bxe5
37.Rxe5 Kf6 38.Rh5 Ke7 39.f3 a4 40.Kg3 Kd7 41.h4 Ke7 42.Kf4 f6 43.Rxh6 Rxa3
44.g5 fxg5+ 45.hxg5 b4 46.Rb6 b3 47.Ke5 Ra2 48.Rb7+ Kd8 49.Rb4 Re2+ 50.Kd6 Rd2+
51.Ke6 Re2+ 52.Kd6 Rd2+ 53.Ke6 Re2+ 54.Kd6  1/2-1/2

[Event "Gladsaxe"]
[Site "Gladsaxe"]
[Date "1993.??.??"]
[Round "9"]
[White "Nielsen, John Arni"]
[Black "Rej, Dennis"]
[Result "1-0"]
[WhiteElo "2265"]
[BlackElo "2285"]

1.d4 Nf6 2.c4 g6 3.Nc3 d5 4.cxd5 Nxd5 5.e4 Nxc3 6.bxc3 Bg7 7.Nf3 c5 8.Rb1 O-O
9.Be2 Nc6 10.d5 Ne5 11.Nxe5 Bxe5 12.Qd2 Qa5 13.Bb2 Qxa2 14.O-O Qa5 15.f4 Bg7
16.Ra1 Qc7 17.c4 Bd7 18.Ra3 f6 19.f5 a6 20.Rg3 Be8 21.fxg6 hxg6 22.Bg4 Bf7
23.Rff3 Rfd8 24.e5 b5 25.e6 Be8 26.Bf5 bxc4 27.Bxg6 c3 28.Bxc3 c4 29.Be4 Rxd5
30.Qxd5 Rd8 31.Rxg7+ Kxg7 32.Qg5+ Kf8 33.Qh6+  1-0

[Event "Gran Canaria op"]
[Site "Gran Canaria"]
[Date "1993.??.??"]
[Round "6"]
[White "Ward, Christopher"]
[Black "David, Pavel"]
[Result "1/2-1/2"]
[WhiteElo "2430"]
[BlackElo "2415"]

1.d4 Nf6 2.c4 g6 3.Nc3 d5 4.cxd5 Nxd5 5.e4 Nxc3 6.bxc3 Bg7 7.Bc4 c5 8.Ne2 O-O
9.Be3 Nc6 10.Rc1 Bd7 11.h4 Qa5 12.Kf1 cxd4 13.cxd4 Rfc8 14.h5 Nd8 15.f4 Ba4
16.Qd3 b5 17.Bd5 Rxc1+ 18.Bxc1 Rc8 19.hxg6 hxg6 20.f5 e6 21.Bh6 Bd1 22.Bxg7 Kxg7
23.Bb3 Bxe2+ 24.Kxe2 Qc3 25.Rf1 gxf5 26.exf5 Qb2+ 27.Qd2 Qxd2+ 28.Kxd2 b4
29.Rf3 Rc6 30.fxe6  1/2-1/2

[Event "Groningen PCA"]
[Site "Groningen"]
[Date "1993.??.??"]
[Round "7"]
[White "Van Wely, Loek"]
[Black "Lutz, Christopher"]
[Result "1-0"]
[WhiteElo "2585"]
[BlackElo "2605"]

1.d4 Nf6 2.c4 g6 3.Nc3 d5 4.cxd5 Nxd5 5.e4 Nxc3 6.bxc3 Bg7 7.Nf3 c5 8.Rb1 O-O
9.Be2 Nc6 10.d5 Ne5 11.Nxe5 Bxe5 12.Qd2 e6 13.f4 Bg7 14.d6 b6 15.O-O Bb7
16.e5 f6 17.Qe3 fxe5 18.fxe5 Rxf1+ 19.Bxf1 Qh4 20.Bd2 Rf8 21.Be1 Qe4 22.Qxe4 Bxe4
23.Rd1 Bxe5 24.Bh4 Bc2 25.Rd2 g5 26.d7 Bf6 27.Bg3 Ba4 28.Bc4 Kf7 29.Bc7 Bd8
30.Bd6 Rg8 31.Rf2+ Kg6 32.Bd3+ Kh5 33.Rf7 h6 34.Bh7 Rh8 35.Be5 Rxh7 36.Rxh7 Kg6
37.Rh8  1-0